MESTSKÁ KNIŽNICA GIRALTOVCE  - online katalóg 

Kliatba rokenrolu : (Record no. 23733)

000 -NÁVESTIE
fixed length control field 01648nam a2200457 i 4500
001 - EVIDENČNÉ ČÍSLO ZÁZNAMU - Kontrolné číslo
control field zpk20152708399
005 - DÁTUM A ČAS POSLEDNEJ TRANSAKCIE
control field 20250212120739.0
007 - POLE PEVNEJ DĹŽKY PRE FYZICKÝ POPIS – VŠEOBECNE
fixed length control field ta
008 - ÚDAJE S PEVNOU DĹŽKOU – VŠEOBECNÉ INFORMÁCIE
fixed length control field 150716t20132013xo ac e 001 0cslo
020 ## - MEDZINÁRODNÉ ŠTANDARDNÉ ČÍSLO KNIHY (ISBN)
Medzinárodné štandardné číslo knihy (ISBN) 9788055608181
Qualifying information (brožováno)
040 ## - ZDROJ KATALOGIZÁCIE
Pôvodná katalogizujúca agentúra ABA001
Jazyk katalogizácie cze
Konvencie popisu rda
Prepisujúca agentúra sk
041 1# - KÓD JAZYKA
Kód jazyka textu/zvukovej stopy alebo samostatných nápisov slo
Kód jazyka originálu a/alebo sprostredkujúcich prekladov textu eng
072 #7 - KÓD PREDMETOVEJ KATEGÓRIE
Kód predmetovej kategórie 78.07
Pododdiel kódu predmetovej kategórie Hudebníci, skladatelé a jiná hudební povolání
Zdroj Konspekt
072 #7 - KÓD PREDMETOVEJ KATEGÓRIE
Kód predmetovej kategórie 929
Pododdiel kódu predmetovej kategórie Biografie
Zdroj Konspekt
080 ## - ČÍSLO MEDZINÁRODNÉHO DESATINNÉHO TRIEDENIA (MDT)
Číslo Medzinárodného desatinného triedenia (MDT) 78.071.1/.2
Identifikátor vydania MRF
080 ## - ČÍSLO MEDZINÁRODNÉHO DESATINNÉHO TRIEDENIA (MDT)
Číslo Medzinárodného desatinného triedenia (MDT) 929
Identifikátor vydania MRF
080 ## - ČÍSLO MEDZINÁRODNÉHO DESATINNÉHO TRIEDENIA (MDT)
Číslo Medzinárodného desatinného triedenia (MDT) 785.16.071
Identifikátor vydania MRF
080 ## - ČÍSLO MEDZINÁRODNÉHO DESATINNÉHO TRIEDENIA (MDT)
Číslo Medzinárodného desatinného triedenia (MDT) 78.036.011.26
Identifikátor vydania MRF
080 ## - ČÍSLO MEDZINÁRODNÉHO DESATINNÉHO TRIEDENIA (MDT)
Číslo Medzinárodného desatinného triedenia (MDT) (048.8)
Identifikátor vydania MRF
080 ## - ČÍSLO MEDZINÁRODNÉHO DESATINNÉHO TRIEDENIA (MDT)
Číslo Medzinárodného desatinného triedenia (MDT) (0:82-94)
Identifikátor vydania MRF
100 1# - OSOBNÉ MENÁ – VŠEOBECNÉ INFORMÁCIE
Osobné meno Primi, Michele
Kód roly aut
-- 4339
240 10 - UNIFIKOVANÝ NÁZOV
Unifikovaný názov Tragedies and mysteries of Rock'n'roll.
Jazyk diela Slovensky
245 10 - NÁZOV
Názov Kliatba rokenrolu :
Zvyšok názvu život a smrť hudobných legiend /
Údaj o zodpovednosti atď. Michele Primi ; z anglického originálu Tragedies and mysteries of Rock'n'roll ... preložila Andrea Cséfalvay Kopernická
250 ## - ÚDAJ O PORADÍ VYDANIA
Údaj o poradí vydania Prvé slovenské vydanie
264 #1 - VYDAVATEĽSKÉ ÚDAJE, DISTRIBÚCIA ATĎ. - RDA
Miesto publikovania, distribúcie atď. Bratislava :
Názov vydavateľa, distibútora atď. Slovart,
Dátum publikovania, distribúcie atď. [2013]
264 #4 - VYDAVATEĽSKÉ ÚDAJE, DISTRIBÚCIA ATĎ. - RDA
Dátum publikovania, distribúcie atď. ©2013
300 ## - FYZICKÝ POPIS
Rozsah 271 stran :
Ďalšie fyzické detaily ilustrace, portréty ;
Rozmery 23 cm
336 ## - TYP OBSAHU
Typ obsahu - termín text
Typ obsahu - kód txt
Zdroj rdacontent
336 ## - TYP OBSAHU
Typ obsahu - termín statický obraz
Typ obsahu - kód sti
Zdroj rdacontent
337 ## - TYP MÉDIA
Typ média - termín bez média
Typ média - kód n
Zdroj rdamedia
338 ## - TYP NOSIČA
Typ nosiča - termín svazek
Typ nosiča - kód nc
Zdroj rdacarrier
500 ## - VŠEOBECNÁ POZNÁMKA
Formátovaná poznámka o obsahu Obsahuje rejstřík
650 07 - PRIDANÝ VSTUP – PREDMET – TEMATICKÉ HESLO
Tematické heslo alebo geografický názov ako vstupný prvok rockoví hudebníci
Zdroj hesla alebo termínu czenas
-- 4340
650 07 - PRIDANÝ VSTUP – PREDMET – TEMATICKÉ HESLO
Tematické heslo alebo geografický názov ako vstupný prvok rockoví hudebníci
Všeobecný pododdiel úmrtí
Zdroj hesla alebo termínu czenas
-- 4341
650 07 - PRIDANÝ VSTUP – PREDMET – TEMATICKÉ HESLO
Tematické heslo alebo geografický názov ako vstupný prvok hudební skupiny
Zdroj hesla alebo termínu czenas
-- 4342
650 07 - PRIDANÝ VSTUP – PREDMET – TEMATICKÉ HESLO
Tematické heslo alebo geografický názov ako vstupný prvok rock'n'roll
Zdroj hesla alebo termínu czenas
-- 4343
650 07 - PRIDANÝ VSTUP – PREDMET – TEMATICKÉ HESLO
Tematické heslo alebo geografický názov ako vstupný prvok rock
Zdroj hesla alebo termínu czenas
-- 4344
655 #7 - INDEXAČNÝ TERMÍN – ŽÁNER/FORMA
Údaje o žánri/forme alebo termín, ktorý je prvok fazety přehledy
Zdroj termínu czenas
-- 3199
655 #7 - INDEXAČNÝ TERMÍN – ŽÁNER/FORMA
Údaje o žánri/forme alebo termín, ktorý je prvok fazety medailony
Zdroj termínu czenas
-- 4345
700 1# - PRIDANÝ VSTUP – OSOBNÉ MENO
Osobné meno Cséfalvay Kopernická, Andrea
Kód roly trl
-- 4346
Holdings
Stav stiahnutia (Blokovanie) (Withrawn status) Stav straty Zdroj klasifikácie pre skladovanie Stav poškodenia (Damaged status) Nie pre výpožičky (Not for loan) Spôsob nadobudnutia (Collection code) Trvalé umiestnenie Aktuálne umiestnenie Dátum nadobudnutia Full call number Čiarový kód Dátum posledného výskytu Cena s účinnosťou od Typ jednotky Koha
          Dar Mestská knižnica Giraltovce Mestská knižnica Giraltovce 2025-02-12 S1558 S1558 2025-02-12 2025-02-12 Odborná literatúra pre dospelých

Powered by Koha